Statistics for Capital Cities 5,000 km away from Riyadh

Click here to take the quiz!

General Stats

  • This quiz has been taken 43 times
  • The average score is 14 of 20

Answer Stats

DISTANCE (km)CAPITAL CITY% Correct
4,948 London
92%
4,971 Madrid
89%
4,686 Paris
86%
5,243 Rabat
86%
5,078 Sao Tome
81%
4,675 Kinshasa
78%
4,673 Brazzaville
76%
5,265 Lome
76%
4,828 Libreville
73%
5,192 Luanda
73%
4,794 Oslo
73%
4,824 Antananarivo
70%
5,001 Harare
70%
4,866 Lusaka
70%
4,676 Malabo
65%
4,831 Niamey
65%
5,245 Ouagadougou
65%
5,110 Porto-Novo
59%
5,097 Port Louis
57%
5,097 Nay Pyi Taw
43%

Score Distribution

Percentile by Number Answered

Percent of People with Each Score

Your Score History

You have not taken this quiz